书目信息 |
| 题名: |
中国封建社会史论
|
|
| 作者: | 侯朱庐 著 | |
| 分册: | ||
| 出版信息: | 北京 人民出版社 1979.2 |
|
| 页数: | 307页 | |
| 开本: | 20cm | |
| 丛书名: | ||
| 单 册: | ||
| 中图分类: | K230.7 | |
| 科图分类: | ||
| 主题词: | 中国--古代史--封建社会 | |
| 电子资源: | ||
| ISBN: | ||
| 000 | 00505nam0 2200181 45 | |
| 001 | 0312221749 | |
| 005 | 20060724174455.73 | |
| 010 | @dCNY0.83 | |
| 100 | @a20031222d1979 km y0chiy0120 ea | |
| 101 | @achi | |
| 200 | 1 | @a中国封建社会史论@AZhong Guo Feng Jian She Hui Shi Lun@f侯朱庐著@FHou Zhu Lu Zhu |
| 210 | @a北京@c人民出版社@d1979.2 | |
| 215 | @a307页@d20cm | |
| 606 | 0 | @a中国@x古代史@x封建社会 |
| 690 | @aK230.7@v3 | |
| 701 | 0 | @a侯朱庐@4著 |
| 801 | @aCN@bTSTCL@c20060724 | |
| 905 | @dK230.7@e5@b10243@f1 | |
| 中国封建社会史论/侯朱庐著.-北京:人民出版社,1979.2 |
| 307页;20cm |
| ISBN :CNY0.83 |
| ● |
| 相关链接 |
|
|
|
|
正题名:中国封建社会史论
索取号:K230.7/5
 
预约/预借
| 序号 | 登录号 | 条形码 | 馆藏地/架位号 | 状态 | 备注 |
| 1 | 0010243 | 001989478 | 第二借阅区/ [索取号:K230.7/5] | 在馆 | |
| 2 | 0172497 | 001974233 | 第二借阅区/ [索取号:K230.7/5] | 在馆 | |
| 3 | 0172498 | 001281712 | 第二借阅区/ [索取号:K230.7/5] | 在馆 | |
| 4 | 0435988 | 204359880 | 密集书库/ [索取号:K230.7/5] | 在馆 | |
| 5 | 0436006 | 204360066 | 密集书库/ [索取号:K230.7/5] | 在馆 |